| 000 | 01307nac a22003011u 4500 | ||
|---|---|---|---|
| 010 | _a 2004555379 | ||
| 020 | _a0521792258 (hardback) | ||
| 020 | _a0521796717 (pbk.) | ||
| 035 | _a(OCoLC)ocm52620177 | ||
| 082 | 0 | 4 |
_a341.2422 _bEUR |
| 090 |
_c8832 _d8832 |
||
| 100 | _a20080729 | ||
| 245 | 0 | 0 |
_aEuropean constitutionalism beyond the state / _cedited by J.H.H. Weiler and Marlene Wind. |
| 260 |
_aCambridge ; _aNew York : _bCambridge University Press,2003 _c2003. |
||
| 300 |
_aviii, 244 p. : _bill. ; _c24 cm. |
||
| 500 | _adistributer: baccah | ||
| 504 | _aIncludes bibliographical references and index. | ||
| 511 | _acatalogued by; wessam | ||
| 650 | 0 |
_aConstitutional law _zEuropean Union countries. |
|
| 651 | 0 |
_aEuropean Union countries _xPolitics and government. |
|
| 700 | 1 |
_aWeiler, Joseph, _d1951- |
|
| 700 | 1 |
_aWind, Marlene, _d1963- |
|
| 856 | 4 | 1 |
_3Sample text _uhttp://www.loc.gov/catdir/samples/cam051/2004555379.html |
| 856 | 4 | 1 |
_3Table of contents _uhttp://www.loc.gov/catdir/toc/cam051/2004555379.html |
| 856 | 4 | 1 |
_3Publisher description _uhttp://www.loc.gov/catdir/description/cam051/2004555379.html |
| 942 |
_cBB _k341.2422EUR |
||
| 999 |
_c8832 _d8832 |
||